Normal view
MARC view
- Rooma khan-sup-Dr. Rumeza Hanif
Entry Personal Name
001 - CONTROL NUMBER
- control field: 28852
003 - CONTROL NUMBER IDENTIFIER
- control field: NUST
005 - DATE AND TIME OF LATEST TRANSACTION
- control field: 20200308165029.0
008 - FIXED-LENGTH DATA ELEMENTS
- fixed length control field: 200308|| aca||aabn | a|a d
040 ## - CATALOGING SOURCE
- Original cataloging agency: NUST
- Transcribing agency: NUST
100 ## - HEADING--PERSONAL NAME
- Personal name: Rooma khan-sup-Dr. Rumeza Hanif
670 ## - SOURCE DATA FOUND
- Source citation: Work cat.: (NUST)479991: Rooma khan-sup-Dr. Rumeza Hanif, Th-mphil-investigation of mutations in B-thalassaemic patients in the province of Khyber Pakhtunkhwa
